[Event "NATO-ch"]
[Site "Quebec CAN"]
[Date "2014.09.08"]
[Round "1.25"]
[White "Langer, Herb"]
[Black "Keough, Robert"]
[Result "1/2-1/2"]
[WhiteElo "1813"]
[BlackElo "2069"]
[PlyCount "150"]
[EventDate "2014.09.08"]
[EventType "swiss"]
[EventRounds "7"]
[EventCountry "CAN"]
[Source "Chess Mix"]
[WhiteTeam "Veterans"]
[BlackTeam "USA"]

1. d4 Nf6 2. Nf3 g6 3. e3 Bg7 4. Bd3 O-O 5. O-O d6 6. c3 Nc6 7. e4 e5 8. d5 Ne7
9. Bg5 h6 10. Bd2 c5 11. Qc1 Kh7 12. h3 Nexd5 13. exd5 e4 14. Be2 exf3 15. Bxf3
b5 16. Na3 Qb6 17. Nc2 Bb7 18. Ne3 Nd7 19. c4 Ne5 20. Be2 bxc4 21. Nxc4 Nxc4
22. Qxc4 Qxb2 23. Bxh6 Bxd5 24. Bxg7 Bxc4 25. Bxb2 Bxe2 26. Rfe1 Rfe8 27. Rac1
c4 28. Bd4 Re4 29. Rxc4 Rae8 30. Rb4 a5 31. Ra4 Bb5 32. Rxe4 Rxe4 33. Rxa5 Rxd4
34. Rxb5 Rd1+ 35. Kh2 Rd2 36. a4 Rxf2 37. Rd5 Ra2 38. a5 Kg7 39. Kg3 Kf8 40.
Rxd6 Rxa5 41. Rd7 Kg7 42. Rb7 Kf6 43. Kf3 Rf5+ 44. Kg4 Rf2 45. Rb6+ Kg7 46. Kg3
Rf1 47. Rb4 f5 48. Rf4 Rb1 49. h4 Kh6 50. Kh3 Rh1+ 51. Kg3 Kh5 52. Ra4 Re1 53.
Rf4 Re3+ 54. Kf2 Rb3 55. g3 Rb2+ 56. Kf3 Rb1 57. Ra4 Re1 58. Ra8 Rf1+ 59. Kg2
Rc1 60. Kf3 Rc3+ 61. Kf4 Rc4+ 62. Kf3 Kh6 63. Ra7 Rc1 64. Rb7 Rc3+ 65. Kf4 Rc4+
66. Kf3 Rc8 67. Kf4 Rg8 68. Rf7 Rd8 69. Rb7 Rd4+ 70. Kf3 g5 71. hxg5+ Kxg5 72.
Rg7+ Kf6 73. Rg8 Rd3+ 74. Kf4 Rd4+ 75. Kf3 Rd3+ 1/2-1/2

[Event "NATO-ch"]
[Site "Quebec CAN"]
[Date "2014.09.08"]
[Round "1.26"]
[White "Aagaard, Gert"]
[Black "Murray, Brian"]
[Result "1-0"]
[WhiteElo "2041"]
[BlackElo "1633"]
[PlyCount "77"]
[EventDate "2014.09.08"]
[EventType "swiss"]
[EventRounds "7"]
[EventCountry "CAN"]
[Source "Chess Mix"]
[WhiteTeam "Denmark"]
[BlackTeam "Canada 2"]
[WhiteTeamCountry "DEN"]

1. d4 Nf6 2. c4 d6 3. Nf3 c6 4. Nc3 Nbd7 5. g3 e6 6. Bg2 Be7 7. O-O b6 8. Bf4
Ba6 9. Qa4 Qc8 10. Nd2 Bb7 11. Nde4 e5 12. dxe5 dxe5 13. Bg5 O-O 14. Bh3 Qc7
15. Rfd1 Bc8 16. Bg2 Bb7 17. Rac1 a6 18. b4 b5 19. Qb3 bxc4 20. Qxc4 Nb6 21.
Qb3 Nfd5 22. Nxd5 Nxd5 23. Rxd5 Bxg5 24. Nxg5 Qe7 25. Nxh7 cxd5 26. Nxf8 Rxf8
27. Bxd5 Rc8 28. Rd1 Bxd5 29. Rxd5 Rc1+ 30. Kg2 Qb7 31. Qf3 Qc7 32. a3 Rc3 33.
Qf5 Rxa3 34. e4 f6 35. Rc5 Qe7 36. Rc8+ Kf7 37. Qh5+ g6 38. Qh7+ Ke6 39. Rc6+
1-0

[Event "NATO-ch"]
[Site "Quebec CAN"]
[Date "2014.09.08"]
[Round "1.29"]
[White "Echavarria Hidalgo, Fernando"]
[Black "Balmaceda, Enrico"]
[Result "0-1"]
[WhiteElo "1788"]
[BlackElo "2054"]
[PlyCount "70"]
[EventDate "2014.09.08"]
[EventType "swiss"]
[EventRounds "7"]
[EventCountry "CAN"]
[Source "Chess Mix"]
[WhiteTeam "NATO1"]
[BlackTeam "USA"]

1. e4 Nf6 2. Nc3 d5 3. e5 d4 4. exf6 dxc3 5. fxe7 cxd2+ 6. Bxd2 Bxe7 7. Bd3 O-O
8. Nf3 Bf6 9. Rb1 Re8+ 10. Be3 Nc6 11. c3 Be6 12. Qc2 h6 13. Rd1 Qe7 14. b3 Bg4
15. Be2 Bxf3 16. Bxf3 Bg5 17. Bxc6 bxc6 18. Rd3 Bxe3 19. Rxe3 Qg5 20. Rxe8+
Rxe8+ 21. Kf1 Rd8 22. g3 Qd5 23. Rg1 Qf3 24. Ke1 Re8+ 25. Kf1 Re3 26. c4 Rc3
27. Qb1 Rd3 28. Ke1 f5 29. Qc2 Rd4 30. h4 c5 31. Qc1 Qd3 32. f3 Qxf3 33. Qb1
Re4+ 34. Kd2 Re2+ 35. Kd1 Rg2+ 0-1

[Event "NATO-ch"]
[Site "Quebec CAN"]
[Date "2014.09.08"]
[Round "1.30"]
[White "Farrell, John"]
[Black "Papler, Peter"]
[Result "1-0"]
[WhiteElo "2054"]
[BlackElo "1613"]
[PlyCount "107"]
[EventDate "2014.09.08"]
[EventType "swiss"]
[EventRounds "7"]
[EventCountry "CAN"]
[Source "Chess Mix"]
[WhiteTeam "NATO1"]
[BlackTeam "Slovenia"]
[BlackTeamCountry "SLO"]

1. c4 d6 2. g3 g6 3. Bg2 Bg7 4. Nc3 c6 5. Nf3 e6 6. d4 Ne7 7. O-O O-O 8. e4 Na6
9. Be3 h6 10. Qd2 Kh7 11. Rad1 d5 12. cxd5 exd5 13. e5 Nc7 14. h3 Bd7 15. Kh2
Qc8 16. Qe2 Ne6 17. Rc1 a6 18. Ng1 Qd8 19. Qd2 Nf5 20. Nce2 Nxe3 21. Qxe3 Rc8
22. f4 Nc7 23. g4 f5 24. g5 Ne6 25. Nf3 Rh8 26. h4 Kg8 27. Kg3 Bf8 28. Qb3 b6
29. Rh1 Be7 30. gxh6 Rxh6 31. Ng5 Kg7 32. Kf2 Rh8 33. Bf3 Nxg5 34. fxg5 f4 35.
a3 Rf8 36. Qd3 a5 37. Qd2 Bf5 38. Nxf4 Qd7 39. Rc3 Be4 40. Rg1 Qf5 41. Rg4 Bxf3
42. Kxf3 c5 43. Kg3 cxd4 44. Qxd4 Rxc3+ 45. bxc3 Bc5 46. Qxd5 Qc2 47. Ne6+ Kh8
48. Nxf8 Qf2+ 49. Kh3 Qf1+ 50. Qg2 Qxf8 51. Kg3 Bxa3 52. Qf3 Qb8 53. Qf6+ Kh7
54. h5 1-0

[Event "NATO-ch"]
[Site "Quebec CAN"]
[Date "2014.09.08"]
[Round "1.32"]
[White "Bielawski, Michal"]
[Black "Ross, David C"]
[Result "1-0"]
[WhiteElo "2051"]
[BlackElo "1583"]
[PlyCount "61"]
[EventDate "2014.09.08"]
[EventType "swiss"]
[EventRounds "7"]
[EventCountry "CAN"]
[Source "Chess Mix"]
[WhiteTeam "Poland"]
[BlackTeam "NATO2"]
[WhiteTeamCountry "POL"]

1. d4 Nf6 2. c4 e6 3. Nc3 c5 4. d5 exd5 5. Nxd5 Nxd5 6. Qxd5 Na6 7. Nf3 Nc7 8.
Qd1 Be7 9. g3 O-O 10. Bg2 Bf6 11. O-O d5 12. cxd5 Qxd5 13. Bf4 Qxd1 14. Rfxd1
Ne6 15. Be5 Bxe5 16. Nxe5 f6 17. Nc4 Rb8 18. Bd5 b6 19. Nd6 Bd7 20. f4 Kh8 21.
f5 Nd8 22. Rac1 Bc6 23. Be6 h6 24. Kf2 Nb7 25. b4 Ba4 26. Rd2 Nxd6 27. Rxd6
cxb4 28. Rd4 Rfd8 29. Rxb4 Be8 30. Rc7 a6 31. Rg4 1-0

[Event "NATO-ch"]
[Site "Quebec CAN"]
[Date "2014.09.08"]
[Round "1.33"]
[White "Tremblay, Mario"]
[Black "Mottais, Francois"]
[Result "0-1"]
[WhiteElo "1653"]
[BlackElo "2035"]
[PlyCount "68"]
[EventDate "2014.09.08"]
[EventType "swiss"]
[EventRounds "7"]
[EventCountry "CAN"]
[Source "Chess Mix"]
[WhiteTeam "Canada"]
[BlackTeam "France"]
[WhiteTeamCountry "CAN"]
[BlackTeamCountry "FRA"]

1. e4 c5 2. Nc3 e6 3. f4 d5 4. Bb5+ Nc6 5. Bxc6+ bxc6 6. Nf3 Nf6 7. e5 Ng8 8.
d3 h5 9. O-O Nh6 10. Ne2 h4 11. h3 Nf5 12. c3 Be7 13. Kh2 Ba6 14. Rg1 Qb6 15.
g4 hxg3+ 16. Nxg3 Nh4 17. Nxh4 Rxh4 18. f5 O-O-O 19. Ne2 Rdh8 20. Nf4 R8h7 21.
Rg4 exf5 22. Rxh4 Rxh4 23. Qe2 Qc7 24. Ng2 Rh8 25. Bf4 g5 26. Rf1 gxf4 27. Rxf4
f6 28. exf6 Bd6 29. Qe6+ Kb8 30. f7 Bxf4+ 31. Kg1 Bh2+ 32. Kf2 Qg3+ 33. Ke2
Qxd3+ 34. Kf2 Bg3+ 0-1

[Event "NATO-ch"]
[Site "Quebec CAN"]
[Date "2014.09.09"]
[Round "2"]
[White "Helbig, Mark"]
[Black "Pirs, Matjaz2"]
[Result "1-0"]
[WhiteElo "2296"]
[BlackElo "2051"]
[PlyCount "81"]
[EventDate "2014.09.08"]
[EventType "swiss"]
[EventRounds "7"]
[EventCountry "CAN"]
[Source "ChessBase"]
[SourceDate "2014.11.20"]
[WhiteTeam "Germany"]
[BlackTeam "Slovenia"]
[WhiteTeamCountry "GER"]
[BlackTeamCountry "SLO"]

1. c4 e5 2. Nc3 Bb4 3. g3 Nf6 4. Bg2 a5 5. e3 O-O 6. Nge2 Nc6 7. O-O Be7 8. d4
exd4 9. Nxd4 Nxd4 10. Qxd4 d6 11. b3 Nd7 12. Nd5 Bf6 13. Nxf6+ Qxf6 14. Qxf6
Nxf6 15. Bb2 Nd7 16. Rfd1 Nc5 17. Bd4 Ne6 18. Bc3 Nc5 19. h3 Re8 20. g4 Kf8 21.
Rac1 Ra7 22. Bd4 b6 23. f3 Bb7 24. Kf2 Raa8 25. e4 Ne6 26. Be3 f6 27. h4 h6 28.
Kg3 Kf7 29. Re1 Re7 30. Rcd1 Nc5 31. Rb1 Nd3 32. Red1 Nc5 33. a3 Ree8 34. b4
Na4 35. Rdc1 Bc6 36. Bf2 Ra7 37. Bf1 Bd7 38. Rc2 Ke7 39. c5 bxc5 40. bxc5 Nxc5
41. Rxc5 1-0

[Event "NATO-ch"]
[Site "Quebec CAN"]
[Date "2014.09.09"]
[Round "2"]
[White "Kedzierski, Slawomir"]
[Black "Nielsen, Jan Mose"]
[Result "1/2-1/2"]
[WhiteElo "2023"]
[BlackElo "2096"]
[PlyCount "150"]
[EventDate "2014.09.08"]
[EventType "swiss"]
[EventRounds "7"]
[EventCountry "CAN"]
[Source "ChessBase"]
[SourceDate "2014.11.20"]
[WhiteTeam "NATO"]
[BlackTeam "Denmark"]
[BlackTeamCountry "DEN"]

1. d4 d5 2. Nf3 Nf6 3. c4 e6 4. g3 dxc4 5. Qa4+ Nbd7 6. Bg2 c5 7. O-O Qb6 8.
Qxc4 Be7 9. Nc3 O-O 10. Na4 Qb4 11. Qxb4 cxb4 12. b3 b5 13. Ne5 Nd5 14. Nc6 Bf6
15. e4 bxa4 16. exd5 exd5 17. Be3 Nb6 18. Nxb4 Bb7 19. Rfc1 Rfc8 20. Bh3 Rxc1+
21. Rxc1 a5 22. Nd3 axb3 23. axb3 a4 24. bxa4 Nxa4 25. Bg2 Nb6 26. Rb1 Bd8 27.
h4 Ba6 28. Nb4 Bc4 29. Nc6 Bc7 30. Ne5 Bxe5 31. dxe5 Nd7 32. f4 Re8 33. Bd4 f6
34. Bh3 fxe5 35. Bxd7 Re7 36. fxe5 Rxd7 37. e6 Rd8 38. Rb7 Re8 39. Rxg7+ Kf8
40. Rf7+ Kg8 41. Rf6 Be2 42. Rf5 Rxe6 43. Rxd5 h5 44. Kf2 Bg4 45. Be5 Kf7 46.
Ke3 Kg6 47. Kd4 Rc6 48. Ra5 Bf3 49. Ra7 Bg4 50. Rg7+ Kf5 51. Bf4 Rg6 52. Ra7
Re6 53. Ra5+ Kf6 54. Be5+ Kg6 55. Ke4 Rc6 56. Bd4 Re6+ 57. Kf4 Bd1 58. Rg5+ Kh6
59. Bg7+ Kh7 60. Be5 Rc6 61. Rg7+ Kh6 62. Rd7 Bg4 63. Rd8 Rc4+ 64. Bd4 Rc6 65.
Ke5 Re6+ 66. Kd5 Ra6 67. Ke5 Re6+ 68. Kf4 Rc6 69. Be3 Re6 70. Rg8 Kh7 71. Rg5
Rf6+ 72. Ke4 Re6+ 73. Kd4 Rd6+ 74. Kc5 Rf6 75. Kd4 Rf5 1/2-1/2

[Event "NATO-ch"]
[Site "Quebec CAN"]
[Date "2014.09.09"]
[Round "2"]
[White "Van den Heuvel, Tonnie"]
[Black "Echavarria Hidalgo, Fernando"]
[Result "1/2-1/2"]
[WhiteElo "1885"]
[BlackElo "1788"]
[PlyCount "83"]
[EventDate "2014.09.08"]
[EventType "swiss"]
[EventRounds "7"]
[EventCountry "CAN"]
[Source "ChessBase"]
[SourceDate "2014.11.20"]
[WhiteTeam "Netherlands"]
[BlackTeam "NATO"]
[WhiteTeamCountry "NED"]

1. c4 Nf6 2. g3 e6 3. Bg2 c5 4. Nc3 Nc6 5. d3 Be7 6. e4 O-O 7. Nge2 Nd4 8. h3
e5 9. Be3 d6 10. g4 Bd7 11. O-O Bc6 12. f4 Rb8 13. f5 Ne8 14. Nd5 Bxd5 15. exd5
Bg5 16. Bf2 Bh4 17. Bxd4 cxd4 18. b4 b6 19. Qa4 Rb7 20. Rab1 Qg5 21. Kh1 h5 22.
gxh5 Qxh5 23. Qd1 Nf6 24. Ng1 Qh6 25. Qe2 Nh5 26. Rf3 Ng3+ 27. Rxg3 Bxg3 28.
Nf3 g5 29. Qe4 Bf4 30. Kg1 f6 31. Nh2 Rff7 32. Ng4 Qh4 33. Qe2 Qh8 34. a4 Rh7
35. Qf3 Kf7 36. Ra1 Qd8 37. Qe4 Rh4 38. Kf1 Qh8 39. Ke2 Qc8 40. Ra2 Rc7 41. Kf3
Qh8 42. Ke2 1/2-1/2

[Event "NATO-ch"]
[Site "Quebec CAN"]
[Date "2014.09.09"]
[Round "2.1"]
[White "Drabke, Lorenz"]
[Black "Oltean, Gusztav"]
[Result "1/2-1/2"]
[WhiteElo "2457"]
[BlackElo "2104"]
[PlyCount "79"]
[EventDate "2014.09.08"]
[EventType "swiss"]
[EventRounds "7"]
[EventCountry "CAN"]
[Source "Chess Mix"]
[WhiteTeam "Germany"]
[BlackTeam "Hungary"]
[WhiteTeamCountry "GER"]
[BlackTeamCountry "HUN"]

1. e4 c6 2. d3 g6 3. g3 Bg7 4. Bg2 d6 5. f4 Nh6 6. Nf3 O-O 7. c3 Qc7 8. O-O e5
9. Na3 Na6 10. d4 Bg4 11. h3 Bxf3 12. Qxf3 f5 13. dxe5 dxe5 14. Nc4 fxe4 15.
Qxe4 Nf5 16. fxe5 Nxg3 17. Rxf8+ Rxf8 18. Qg4 Nf5 19. Bf4 Nc5 20. Rd1 Ne6 21.
Bh2 Qe7 22. Qe4 Nh4 23. Rf1 Rxf1+ 24. Kxf1 Qf7+ 25. Kg1 Nxg2 26. Kxg2 Ng5 27.
Qd3 Ne6 28. Qe3 a6 29. Nd6 Qe7 30. Bg3 Nd8 31. Qb6 h5 32. a4 h4 33. Bf4 Ne6 34.
Be3 Bxe5 35. Nxb7 Qd7 36. Qb3 Kg7 37. Qc4 Qxb7 38. Qxe6 Qxb2+ 39. Kf1 Qxc3 40.
Qe7+ 1/2-1/2

[Event "NATO-ch"]
[Site "Quebec CAN"]
[Date "2014.09.09"]
[Round "2.2"]
[White "Marquardt, Christian"]
[Black "Bacus, Dharim"]
[Result "1/2-1/2"]
[WhiteElo "2078"]
[BlackElo "2272"]
[PlyCount "111"]
[EventDate "2014.09.08"]
[EventType "swiss"]
[EventRounds "7"]
[EventCountry "CAN"]
[Source "Chess Mix"]
[WhiteTeam "Germany"]
[BlackTeam "USA"]
[WhiteTeamCountry "GER"]

1. d4 Nf6 2. Bg5 Ne4 3. Bf4 d5 4. e3 e6 5. Bd3 Nf6 6. Nf3 Bd6 7. Ne5 a6 8. Nd2
c5 9. c3 Nc6 10. O-O Qc7 11. Nxc6 Bxf4 12. exf4 Qxc6 13. dxc5 Qxc5 14. Qe2 O-O
15. Rfe1 b5 16. Rac1 Bb7 17. Qe5 Rac8 18. Qd4 Nd7 19. Nb3 Qc7 20. Re3 Rfe8 21.
Rce1 Qd6 22. Rg3 g6 23. Rge3 Nc5 24. Nxc5 Qxc5 25. Qf6 Qf8 26. a3 Qg7 27. Qxg7+
Kxg7 28. Bf1 Red8 29. Rd1 h5 30. h4 Kf6 31. g3 Rc5 32. Rd4 Rb8 33. Re1 Bc8 34.
Ra1 Bd7 35. Bd3 a5 36. Kf1 Ke7 37. Re1 Kd6 38. Ra1 Be8 39. Be2 f6 40. Rad1 Bf7
41. R4d2 Ke7 42. Ra1 Rc7 43. Rd4 Be8 44. Ke1 Kd6 45. Rd2 Rb6 46. Rd4 Bc6 47.
Rd2 Ke7 48. Bd3 Be8 49. Be2 Bf7 50. Rd4 Be8 51. Bf1 Rcb7 52. Be2 Kd6 53. Rd2
Rg7 54. Rd4 Rc7 55. Rd2 Rb8 56. Rd4 1/2-1/2

[Event "NATO-ch"]
[Site "Quebec CAN"]
[Date "2014.09.09"]
[Round "2.4"]
[White "Tucker, David Sidney"]
[Black "Pedersen, Finn"]
[Result "0-1"]
[WhiteElo "2042"]
[BlackElo "2278"]
[PlyCount "70"]
[EventDate "2014.09.08"]
[EventType "swiss"]
[EventRounds "7"]
[EventCountry "CAN"]
[Source "Chess Mix"]
[WhiteTeam "United Kingdom"]
[BlackTeam "Denmark"]
[BlackTeamCountry "DEN"]

1. e4 c6 2. Nc3 d5 3. Nf3 dxe4 4. Nxe4 Nf6 5. Nxf6+ gxf6 6. g3 e5 7. d3 Be6 8.
Bg2 c5 9. Qe2 Nc6 10. O-O Qd7 11. Be3 O-O-O 12. a3 h5 13. b4 Nd4 14. Bxd4 cxd4
15. Nd2 Bg4 16. f3 Be6 17. Ne4 Be7 18. Rac1 h4 19. c3 hxg3 20. hxg3 Kb8 21. c4
Rc8 22. c5 Rhg8 23. Rc2 f5 24. Nf2 Bf6 25. Nh1 Bb3 26. Rb2 Bd5 27. Rc1 Ka8 28.
Re1 Bg5 29. Qc2 Be3+ 30. Kf1 f4 31. gxf4 exf4 32. Nf2 Rxg2 33. Kxg2 Rg8+ 34.
Kf1 Bxf3 35. Rxe3 fxe3 0-1

[Event "NATO-ch"]
[Site "Quebec CAN"]
[Date "2014.09.09"]
[Round "2.7"]
[White "Balmaceda, Enrico"]
[Black "Van Rijn, Wouter"]
[Result "0-1"]
[WhiteElo "2054"]
[BlackElo "2176"]
[PlyCount "90"]
[EventDate "2014.09.08"]
[EventType "swiss"]
[EventRounds "7"]
[EventCountry "CAN"]
[Source "Chess Mix"]
[WhiteTeam "USA"]
[BlackTeam "The Netherlands"]

1. Nf3 c5 2. c4 Nc6 3. g3 g6 4. Bg2 Bg7 5. O-O e6 6. Nc3 Nge7 7. d3 d5 8. cxd5
exd5 9. Bf4 O-O 10. Qd2 a6 11. Bh6 b5 12. Bxg7 Kxg7 13. d4 c4 14. e4 dxe4 15.
Nxe4 Nd5 16. Ne5 Nce7 17. Nc5 Rb8 18. Rfe1 Rb6 19. Rac1 f6 20. Nf3 Qc7 21. h3
Rd8 22. Re2 Nf5 23. Rce1 b4 24. g4 c3 25. Qc1 Nfe7 26. b3 Nc6 27. Re6 Nf4 28.
R6e4 g5 29. h4 h6 30. hxg5 hxg5 31. Qe3 Bxg4 32. Nh2 Bf5 33. Re8 Nxg2 34. Kxg2
Rxe8 35. Qxe8 Rb8 36. Qe6 Qxh2+ 37. Kxh2 Bxe6 38. Nxe6+ Kf7 39. d5 Ne5 40. Kg3
Nd3 41. Re2 Rb6 42. Nd8+ Kg6 43. Nc6 Nf4 44. Ne7+ Kf7 45. Re1 Nd3 0-1

[Event "NATO-ch"]
[Site "Quebec CAN"]
[Date "2014.09.09"]
[Round "2.8"]
[White "Wagenaar, Harm Theo"]
[Black "Mestek, Igor"]
[Result "1/2-1/2"]
[WhiteElo "2055"]
[BlackElo "2180"]
[PlyCount "110"]
[EventDate "2014.09.08"]
[EventType "swiss"]
[EventRounds "7"]
[EventCountry "CAN"]
[Source "Chess Mix"]
[WhiteTeam "NATO2"]
[BlackTeam "Slovenia"]
[BlackTeamCountry "SLO"]

1. c4 Nf6 2. g3 e5 3. Bg2 Bc5 4. e3 Nc6 5. Nc3 O-O 6. Nge2 Re8 7. O-O a5 8. a3
d6 9. d4 Ba7 10. d5 Nb8 11. b4 Bb6 12. Bb2 Bg4 13. Qd2 Qd7 14. Rfe1 Qf5 15.
Rac1 axb4 16. axb4 Nbd7 17. Qc2 Qh5 18. Ne4 Nxe4 19. Bxe4 f5 20. Bg2 Rf8 21.
Nc3 Rf6 22. h4 Rh6 23. Kf1 Rf8 24. f4 Rg6 25. Na4 exf4 26. exf4 Bf3 27. Nxb6
Rxg3 28. Nxd7 Bxg2+ 29. Qxg2 Rxg2 30. Kxg2 Rd8 31. Re7 Qg4+ 32. Kf1 Qh3+ 33.
Kg1 Qg3+ 34. Kf1 Qxf4+ 35. Kg1 Qg4+ 36. Kf1 f4 37. Rxg7+ Qxg7 38. Bxg7 Kxg7 39.
Nb6 cxb6 40. Re1 Kf6 41. Kf2 Kf5 42. Re7 Rc8 43. Rxb7 Rxc4 44. Rxb6 Ke5 45. Rb7
h5 46. Rh7 Kxd5 47. Rxh5+ Ke4 48. b5 Rb4 49. Rh6 Rb2+ 50. Ke1 d5 51. b6 d4 52.
Re6+ Kf3 53. Rd6 Kg3 54. h5 f3 55. Rg6+ Kf4 1/2-1/2

[Event "NATO-ch"]
[Site "Quebec CAN"]
[Date "2014.09.09"]
[Round "2.9"]
[White "Bohn, Ulrich"]
[Black "Farrell, John"]
[Result "1/2-1/2"]
[WhiteElo "2147"]
[BlackElo "2054"]
[PlyCount "125"]
[EventDate "2014.09.08"]
[EventType "swiss"]
[EventRounds "7"]
[EventCountry "CAN"]
[Source "Chess Mix"]
[WhiteTeam "Germany"]
[BlackTeam "NATO1"]
[WhiteTeamCountry "GER"]

1. e4 e5 2. Nf3 Nf6 3. d4 Nxe4 4. Bd3 d5 5. Nxe5 Bd6 6. O-O Nd7 7. f4 O-O 8.
Nc3 Nxc3 9. bxc3 Nf6 10. Qf3 c5 11. g4 c4 12. Be2 b5 13. a4 Bd7 14. axb5 Bxb5
15. g5 Bxe5 16. dxe5 Ne4 17. Qe3 Qb6 18. Bf3 Nxc3 19. Qxb6 axb6 20. Be3 Ba4 21.
Bxb6 Ne4 22. Rfd1 Bc6 23. Bxe4 dxe4 24. Kf2 Rxa1 25. Rxa1 f5 26. gxf6 gxf6 27.
e6 Kg7 28. f5 Kh6 29. Rg1 Rb8 30. Be3+ Kh5 31. Rg7 Rb5 32. Rxh7+ Kg4 33. h3+
Kxf5 34. Rc7 Bd5 35. e7 Rb8 36. Rd7 Bf7 37. Rd8 Rb2 38. e8=Q Bxe8 39. Rxe8
Rxc2+ 40. Ke1 Rh2 41. Rh8 Kg6 42. Rg8+ Kf7 43. Rh8 Kg6 44. Bf4 Ra2 45. h4 Ra5
46. Bg3 Rh5 47. Rc8 f5 48. Rc6+ Kf7 49. Ke2 f4 50. Be1 c3 51. Rxc3 Ke6 52. Rc8
Rb5 53. Bc3 Rh5 54. Be1 Rb5 55. Rf8 Rb2+ 56. Kf1 f3 57. Re8+ Kf5 58. Rf8+ Kg6
59. Rf4 Re2 60. Ba5 Kh5 61. Bb4 Kg6 62. Be7 Kh5 63. Rf5+ 1/2-1/2

[Event "NATO-ch"]
[Site "Quebec CAN"]
[Date "2014.09.09"]
[Round "2.10"]
[White "Bielawski, Michal"]
[Black "Papista, Akos"]
[Result "0-1"]
[WhiteElo "2051"]
[BlackElo "2168"]
[PlyCount "66"]
[EventDate "2014.09.08"]
[EventType "swiss"]
[EventRounds "7"]
[EventCountry "CAN"]
[Source "Chess Mix"]
[WhiteTeam "Poland"]
[BlackTeam "Hungary"]
[WhiteTeamCountry "POL"]
[BlackTeamCountry "HUN"]

1. d4 Nf6 2. c4 d6 3. Nc3 c6 4. e4 e5 5. Nf3 Qc7 6. Be2 Bg4 7. Be3 Nbd7 8. O-O
Bxf3 9. Bxf3 Be7 10. Qd2 O-O 11. Rac1 Rfe8 12. Rfd1 exd4 13. Bxd4 Ne5 14. Be2
Nfd7 15. f4 Ng6 16. Be3 Rad8 17. b4 Bf8 18. g3 d5 19. cxd5 Bxb4 20. d6 Qa5 21.
Bf3 Nc5 22. Qf2 b6 23. Bd4 Ne6 24. Be3 Bxc3 25. f5 Ne5 26. fxe6 Rxe6 27. Bg2
Rexd6 28. Rxd6 Rxd6 29. Qf5 Rd8 30. Bf4 g6 31. Qg5 f6 32. Qh4 Nd3 33. Rf1 Qc5+
0-1

[Event "NATO-ch"]
[Site "Quebec CAN"]
[Date "2014.09.09"]
[Round "2.11"]
[White "Mottais, Francois"]
[Black "Hansen, Steven E"]
[Result "1/2-1/2"]
[WhiteElo "2035"]
[BlackElo "2102"]
[PlyCount "59"]
[EventDate "2014.09.08"]
[EventType "swiss"]
[EventRounds "7"]
[EventCountry "CAN"]
[Source "Chess Mix"]
[WhiteTeam "France"]
[BlackTeam "Denmark"]
[WhiteTeamCountry "FRA"]
[BlackTeamCountry "DEN"]

1. d4 d5 2. c4 e6 3. Nc3 Nf6 4. Nf3 Be7 5. Bg5 h6 6. Bf4 O-O 7. e3 b6 8. cxd5
Nxd5 9. Nxd5 exd5 10. Bd3 c5 11. Rc1 Be6 12. O-O Nd7 13. Bb1 Rc8 14. Qd3 Nf6
15. Ne5 c4 16. Qc2 Re8 17. g4 g5 18. Bg3 Kg7 19. h4 Rh8 20. f3 b5 21. Kg2 b4
22. hxg5 hxg5 23. Rh1 Qg8 24. Rxh8 Qxh8 25. Qa4 Qe8 26. Qxa7 Ra8 27. Qb7 Rb8
28. Qc6 Rc8 29. Qb7 Rb8 30. Qc6 1/2-1/2

[Event "NATO-ch"]
[Site "Quebec CAN"]
[Date "2014.09.09"]
[Round "2.12"]
[White "Macaspac, Arthur"]
[Black "Graczyk, Damian"]
[Result "0-1"]
[WhiteElo "2106"]
[BlackElo "2081"]
[PlyCount "130"]
[EventDate "2014.09.08"]
[EventType "swiss"]
[EventRounds "7"]
[EventCountry "CAN"]
[Source "Chess Mix"]
[WhiteTeam "USA"]
[BlackTeam "Poland"]
[BlackTeamCountry "POL"]

1. d4 f5 2. Nc3 Nf6 3. Bg5 g6 4. Bxf6 exf6 5. e3 d5 6. g3 Be6 7. Bg2 c6 8. Nge2
Bh6 9. O-O O-O 10. b4 Nd7 11. Na4 Nb6 12. Nb2 Qe7 13. c3 a5 14. a3 Bf7 15. Qd3
Nc8 16. Rfe1 Nd6 17. a4 g5 18. bxa5 Rfe8 19. Nc1 Rxa5 20. Nb3 Raa8 21. Nd2 Kh8
22. c4 Ne4 23. c5 Qd7 24. Nf1 g4 25. Nd2 Bg6 26. Nxe4 fxe4 27. Qc3 Qc7 28. Ra3
Ra5 29. Rb3 Rea8 30. Rb4 Bf5 31. Qb3 Bc8 32. Nd1 Bf8 33. Nc3 Qd7 34. Rb1 Be7
35. Qc2 Bd8 36. Ra1 R5a7 37. Bf1 Ba5 38. Rb3 Kg7 39. Be2 Kg6 40. Bd1 f5 41. Ne2
Bc7 42. Rb2 h5 43. Nf4+ Bxf4 44. gxf4 h4 45. h3 Kf6 46. Qe2 Qg7 47. Qf1 Be6 48.
Kh1 Rg8 49. Qg2 Qh7 50. Rab1 Rg7 51. Rb4 Ra8 52. Be2 Rag8 53. Re1 Rg6 54. Rbb1
Qg7 55. Rg1 Bc8 56. a5 Qc7 57. Ra1 R8g7 58. Rgb1 Qf7 59. Rb6 Ke7 60. a6 bxa6
61. Bxa6 Bd7 62. Rb7 g3 63. Bf1 gxf2 64. Qxf2 Qg8 65. Raa7 Ke6 0-1

[Event "NATO-ch"]
[Site "Quebec CAN"]
[Date "2014.09.09"]
[Round "2.13"]
[White "Koopmeiners, Karl"]
[Black "Karbowiak, Adam"]
[Result "1/2-1/2"]
[WhiteElo "2023"]
[BlackElo "2088"]
[PlyCount "103"]
[EventDate "2014.09.08"]
[EventType "swiss"]
[EventRounds "7"]
[EventCountry "CAN"]
[Source "Chess Mix"]
[WhiteTeam "NATO2"]
[BlackTeam "Poland"]
[BlackTeamCountry "POL"]

1. d4 g6 2. c4 Bg7 3. Nc3 c5 4. d5 Bxc3+ 5. bxc3 f5 6. e3 Qa5 7. Qc2 d6 8. Bd3
Nf6 9. Ne2 Nbd7 10. f4 Nb6 11. O-O Bd7 12. Bd2 O-O-O 13. Ng3 e6 14. e4 fxe4 15.
Nxe4 Nxe4 16. Bxe4 Nxc4 17. Rab1 exd5 18. Bxd5 Nb6 19. c4 Qa4 20. Qxa4 Bxa4 21.
Rbe1 Nxd5 22. cxd5 Bb5 23. Rf2 Bc4 24. f5 gxf5 25. Rxf5 Rhf8 26. Rh5 Rde8 27.
Rxe8+ Rxe8 28. Bf4 Bd3 29. Bxd6 c4 30. Bb4 Re2 31. d6 b6 32. Rg5 Bg6 33. h4 a5
34. Bc3 Rc2 35. Bd4 c3 36. h5 Rc1+ 37. Kh2 Be4 38. Rg7 Rd1 39. d7+ Kc7 40. Be5+
Kc6 41. Bxc3 Rxd7 42. Rxd7 Kxd7 43. g4 Kc6 44. a3 Kd5 45. Kg3 Kc4 46. Bg7 Kb3
47. Bf8 b5 48. g5 b4 49. axb4 axb4 50. g6 Bxg6 51. hxg6 hxg6 52. Kg4 1/2-1/2

[Event "NATO-ch"]
[Site "Quebec CAN"]
[Date "2014.09.09"]
[Round "2.14"]
[White "Demjen, Attila"]
[Black "Michalski, Daniel"]
[Result "0-1"]
[WhiteElo "2007"]
[BlackElo "2090"]
[PlyCount "141"]
[EventDate "2014.09.08"]
[EventType "swiss"]
[EventRounds "7"]
[EventCountry "CAN"]
[Source "Chess Mix"]
[WhiteTeam "Hungary"]
[BlackTeam "Poland"]
[WhiteTeamCountry "HUN"]
[BlackTeamCountry "POL"]

1. e4 d5 2. exd5 Qxd5 3. Nc3 Qd6 4. Nf3 Bg4 5. Be2 Nf6 6. h3 Bh5 7. a3 e6 8. b4
Be7 9. Bb2 c6 10. d3 O-O 11. O-O Rd8 12. Nd2 Bxe2 13. Qxe2 Nbd7 14. Nce4 Qc7
15. Nxf6+ Bxf6 16. Bxf6 Nxf6 17. Qf3 Qe5 18. Rfe1 Qc3 19. Qd1 a5 20. Ne4 Nxe4
21. Rxe4 b5 22. Qc1 Rd7 23. Rb1 axb4 24. Rb3 Qf6 25. axb4 Ra1 26. Rb1 Rda7 27.
Re1 R1a2 28. Qe3 Qc3 29. Qb6 h6 30. Rec1 R7a4 31. Qb8+ Kh7 32. Qf4 Rxc2 33.
Rxc2 Qxc2 34. Rc1 Qxd3 35. Rxc6 Qf5 36. Qg3 Rxb4 37. Qc3 Qf4 38. Qd3+ Qe4 39.
Qg3 Qg6 40. Qe3 Rb1+ 41. Kh2 b4 42. Rc4 Rb2 43. Rg4 Qf6 44. Rf4 Qg5 45. Rxf7
Qxe3 46. fxe3 Re2 47. Rb7 Rxe3 48. Rxb4 Kg6 49. Kg1 Re2 50. Kh2 Rf2 51. Kg1 Re2
52. Kh2 Rf2 53. Kg1 Rf5 54. Rc4 Kf7 55. g3 Ke7 56. Rc7+ Kf6 57. Rc4 Ke5 58. Kg2
Rf7 59. Rc2 Kd4 60. Ra2 e5 61. Ra4+ Ke3 62. Ra3+ Ke4 63. Ra4+ Kd5 64. Ra5+ Ke6
65. Ra6+ Kf5 66. g4+ Kf4 67. Ra4+ e4 68. Ra1 Rb7 69. Rf1+ Ke3 70. Re1+ Kd4 71.
Rd1+ 0-1